000 00756nam a22002417a 4500
999 _c34240
_d34240
001 3592
003 CO-MdFUSB
005 20180622073138.0
008 180320t1984 sp ||||| |||| 00| 0 spa d
020 _a84-7228-893-5
040 _aCO-MdFUSB
_bspa
_cCO-MdFUSB
_dCO-MdFUSBC
_erda
041 0 _aspa
082 0 4 _aG 227.4 P5114e
100 1 _aPettingill, William L. (William Leroy) (1866-1950)
_eautor
245 0 _aEstudios sobre la epístola a los Gálatas
_c / William L. Pettingill
264 4 _aTerrassa, Barcelona, España :
_bCLIE,
_c©1984
300 _a88 Pag
336 _2rdacontent
_atexto
_btxt
337 _2rdamedia
_asin mediación
_bn
338 _2rdacarrier
_avolumen
_bnc
653 _aBiblia N.T. - Gálatas - Comentarios
942 _cBK